000 00642nam a2200205 u 4500
005 20250903063915.0
008 100607s2004 r 000 0 eng d
020 _a9685793298
020 _a9703506178
035 _aUPN01000176348
049 _aCG
050 4 _aPQ7298.17 O5.92
_bV5.7
100 1 _aGonzález Dueñas, Daniel
245 1 4 _aLas visiones del hombre invisible /
_cDaniel González Dueñas.
260 _aMéxico :
_bEdiciones Sin Nombre :
_bConsejo Nacional para la Cultura y las Artes,
_cc2004.
300 _a115 p.
440 3 _aLa centena.
_pEnsayo
650 4 _aLiteratura mexicana
_ySiglo XXI
_917492
905 _aLibro
999 _c148451
_d148451